Mario Kart Items - Sudden Death - Statistics

General Stats
  • This quiz has been taken 179 times
    54 since last reset
  • The average score is 13 of 18
Answers on the Grid
Answers color-coded by a green-red scale on the quiz's grid according to % correct below.
Banana
Green Shell
Lightning
Mushroom
Red Shell
Star
Spiny Blue Shell
Triple Green Shells
Triple Mushrooms
Triple Red Shells
Bob-omb
Golden Mushroom
Triple Bananas
Blooper
Boo
Bullet Bill
Coin
Fake Item Box
Sand Cloud
Buffalo Bill
Thwomp
Clock
Gold Ring
Dyna-Mite
Unicorn Shell
Tomato
Mermaid Tail
Eagle Wings
Urchins
Triple Eggs
 
Answer Stats
Answer % Correct
Banana
82%
Star
80%
Triple Green Shells
80%
Coin
77%
Green Shell
77%
Triple Mushrooms
77%
Triple Red Shells
77%
Bob-omb
75%
Lightning
75%
Mushroom
75%
Red Shell
75%
Triple Bananas
73%
Golden Mushroom
68%
Bullet Bill
66%
Spiny Blue Shell
66%
Boo
59%
Fake Item Box
48%
Blooper
41%
No matching quizzes found
Score Distribution
Percent of People with Each Score
Percentile by Number Answered
Your Score History
You have not taken this quiz since the last reset